[Event "Etoiles montantes 4"]
[Site "Montreal CAN"]
[Date "2023.01.07"]
[Round "2.10"]
[White "Van der Valk Bouman, Jim Gerrit Rene"]
[Black "Napior, Cody"]
[Result "0-1"]
[WhiteElo "1536"]
[BlackElo "1397"]
[PlyCount "92"]
[EventDate "2023.01.07"]
[EventType "swiss"]
[EventRounds "5"]
[EventCountry "CAN"]

1. d4 d5 2. c4 c6 3. Nf3 Bf5 4. Nc3 Nf6 5. Bg5 e6 6. e3 Be7 7. Bd3 Ne4 8. Bxe7
Qxe7 9. Bxe4 Bxe4 10. Nxe4 dxe4 11. Nd2 f5 12. c5 Nd7 13. Nc4 O-O 14. O-O Nf6
15. Nd6 Ne8 16. Nc4 Rd8 17. Qb3 Rf6 18. a4 Rh6 19. Ne5 Nf6 20. f3 exf3 21. Rxf3
Ng4 22. Nxg4 fxg4 23. Rf2 Rd5 24. g3 Kh8 25. Raf1 Rf6 26. Qd1 h5 27. e4 Rd8 28.
Qd2 Rxf2 29. Rxf2 Kh7 30. e5 Qd7 31. Rf4 Qd5 32. Qd3+ Kg8 33. b3 Qxe5 34. dxe5
Rxd3 35. Rb4 Rd7 36. Kf1 Kf7 37. Rf4+ Kg6 38. b4 Rd1+ 39. Ke2 Ra1 40. a5 Ra2+
41. Kd3 Rxh2 42. Rf8 Rg2 43. Rb8 Rxg3+ 44. Kc4 Rf3 45. Rxb7 g3 46. Rd7 g2 0-1

[Event "Etoiles montantes 4"]
[Site "Montreal CAN"]
[Date "2023.01.07"]
[Round "2.12"]
[White "Yuen, Lok"]
[Black "Xu, David"]
[Result "1-0"]
[WhiteElo "1264"]
[BlackElo "1057"]
[PlyCount "77"]
[EventDate "2023.01.07"]
[EventType "swiss"]
[EventRounds "5"]
[EventCountry "CAN"]

1. e4 e5 2. Nf3 Nf6 3. Nc3 Nc6 4. Bb5 Nd4 5. d3 Nxf3+ 6. Qxf3 Be7 7. Qg3 g6 8.
Qxe5 c6 9. Ba4 d6 10. Qg3 Nh5 11. Qf3 Be6 12. O-O Qd7 13. Bb3 Bxb3 14. axb3 O-O
15. Qe2 Rfe8 16. f4 Ng7 17. Qf3 f5 18. Bd2 fxe4 19. dxe4 Rf8 20. Rad1 g5 21. f5
Rad8 22. Qg3 h6 23. Be3 Bf6 24. Bxa7 Bxc3 25. Qxc3 d5 26. Bc5 Rfe8 27. f6 Ne6
28. f7+ Kh7 29. fxe8=Q Rxe8 30. exd5 cxd5 31. Qd3+ Kh8 32. Bd4+ Nxd4 33. Qxd4+
Kh7 34. Qxd5 Qxd5 35. Rxd5 Re2 36. Rf7+ Kg6 37. Rc7 Re1+ 38. Kf2 Re6 39. Rxb7
1-0

[Event "Etoiles montantes 4"]
[Site "Montreal CAN"]
[Date "2023.01.07"]
[Round "2.14"]
[White "Efpraxiadis, Paul"]
[Black "Sonko, Stephane"]
[Result "0-1"]
[WhiteElo "1194"]
[BlackElo "931"]
[PlyCount "56"]
[EventDate "2023.01.07"]
[EventType "swiss"]
[EventRounds "5"]
[EventCountry "CAN"]

1. d4 f5 2. Bf4 Nf6 3. Nf3 e6 4. e3 Be7 5. Nbd2 O-O 6. Bc4 d6 7. O-O Bd7 8. Re1
Qe8 9. c3 Ne4 10. d5 e5 11. Bg3 g5 12. Nxe4 fxe4 13. Nd2 h5 14. h3 Qg6 15. Qb3
b6 16. Bb5 Bf5 17. Rad1 g4 18. h4 Nd7 19. Qc4 Nc5 20. Qb4 a6 21. Bc6 Rab8 22.
Qa3 Bc8 23. Rf1 Rf6 24. Nb3 Nd3 25. Nc1 Nc5 26. b4 Nd3 27. f3 gxf3 28. Bh2
Qxg2# 0-1

[Event "Etoiles montantes 4"]
[Site "Montreal CAN"]
[Date "2023.01.07"]
[Round "2.16"]
[White "Guillemette, Thomas"]
[Black "Fedotov, Mark"]
[Result "1-0"]
[WhiteElo "1005"]
[BlackElo "1091"]
[PlyCount "73"]
[EventDate "2023.01.07"]
[EventType "swiss"]
[EventRounds "5"]
[EventCountry "CAN"]

1. e4 e5 2. Nf3 Nc6 3. Bc4 Nf6 4. d3 Bc5 5. c3 d6 6. a4 Bg4 7. b4 Nxb4 8. cxb4
Bxb4+ 9. Bd2 Bxd2+ 10. Nbxd2 O-O 11. O-O c6 12. h3 Bh5 13. Rb1 Re8 14. Qc2 d5
15. exd5 cxd5 16. Ba2 Rc8 17. Qb3 e4 18. dxe4 dxe4 19. Ng5 Qe7 20. Rfe1 e3 21.
Rxe3 Qd7 22. Rd3 Qc7 23. Rg3 Qd7 24. Ndf3 Bxf3 25. Rxf3 Rf8 26. Qxb7 Qxb7 27.
Rxb7 h6 28. Nxf7 Kh7 29. Nd6 Rcd8 30. Nf5 Rg8 31. Bxg8+ Rxg8 32. Rxa7 Kh8 33.
Nxh6 Kh7 34. Nxg8 Ng4 35. Nf6+ Kh8 36. hxg4 g5 37. Rh3# 1-0

[Event "Etoiles montantes 4"]
[Site "Montreal CAN"]
[Date "2023.01.08"]
[Round "3.3"]
[White "Sonko, Stephane"]
[Black "Tanaka, Tyler"]
[Result "0-1"]
[WhiteElo "931"]
[BlackElo "2250"]
[PlyCount "66"]
[EventDate "2023.01.07"]
[EventType "swiss"]
[EventRounds "5"]
[EventCountry "CAN"]

1. e4 c5 2. Nf3 d6 3. d4 cxd4 4. Nxd4 Nf6 5. Nc3 g6 6. f3 Bg7 7. Be3 O-O 8. Qd2
Nc6 9. O-O-O Nxd4 10. Bxd4 Be6 11. g4 Qa5 12. a3 Rfc8 13. h4 Rab8 14. h5 b5 15.
g5 Nxh5 16. Na2 Qxd2+ 17. Rxd2 Bxd4 18. Rxd4 Ng3 19. Rg1 Nxf1 20. Rxf1 Bxa2 21.
Rd3 Bc4 22. Rfd1 Bxd3 23. Rxd3 Rc5 24. f4 Rbc8 25. c3 Rc4 26. Re3 f6 27. gxf6
exf6 28. f5 Re8 29. fxg6 hxg6 30. Rd3 Rcxe4 31. Rxd6 Kf7 32. Rd7+ R8e7 33. Rd5
R4e5 0-1

[Event "Etoiles montantes 4"]
[Site "Montreal CAN"]
[Date "2023.01.08"]
[Round "3.6"]
[White "Genzling, Jerome"]
[Black "Guillemette, Thomas"]
[Result "1-0"]
[WhiteElo "2033"]
[BlackElo "1005"]
[PlyCount "83"]
[EventDate "2023.01.07"]
[EventType "swiss"]
[EventRounds "5"]
[EventCountry "CAN"]

1. e4 c5 2. Nf3 d6 3. d4 cxd4 4. Nxd4 Nf6 5. Nc3 g6 6. g3 Bg7 7. Bg2 O-O 8. O-O
Nc6 9. Nde2 Bg4 10. h3 Bd7 11. Be3 Ne5 12. b3 Rc8 13. Rc1 Qa5 14. a4 a6 15. Nd5
Nxd5 16. exd5 f6 17. Nd4 Rc7 18. Re1 Rfc8 19. f4 Nf7 20. Bf2 Kf8 21. Qe2 Re8
22. c4 f5 23. h4 Qb4 24. Rb1 Qc3 25. Rec1 Qb4 26. h5 Rec8 27. hxg6 hxg6 28. Re1
Re8 29. Ne6+ Bxe6 30. Qxe6 Bf6 31. g4 fxg4 32. Qxg4 Kg7 33. Be4 Nh8 34. Re3 Rg8
35. Rg3 Kf7 36. Bf5 Rg7 37. Be6+ Kf8 38. Rh3 Nf7 39. Bxf7 Kxf7 40. Qe6+ Ke8 41.
Rh8+ Rg8 42. Rxg8# 1-0

[Event "Etoiles montantes 4"]
[Site "Montreal CAN"]
[Date "2023.01.08"]
[Round "3.8"]
[White "Bassel, Charaf"]
[Black "Efpraxiadis, Paul"]
[Result "1-0"]
[WhiteElo "2006"]
[BlackElo "1194"]
[PlyCount "53"]
[EventDate "2023.01.07"]
[EventType "swiss"]
[EventRounds "5"]
[EventCountry "CAN"]

1. e4 c6 2. Nc3 d5 3. Nf3 Bg4 4. h3 Bh5 5. exd5 cxd5 6. Bb5+ Nc6 7. g4 Bg6 8.
Ne5 Rc8 9. Qf3 Nf6 10. Nxg6 hxg6 11. g5 Ne4 12. Nxe4 dxe4 13. Qxe4 e6 14. h4 a6
15. Bxc6+ Rxc6 16. d4 Be7 17. Bf4 Bb4+ 18. c3 Rxc3 19. bxc3 Bxc3+ 20. Ke2 Bxa1
21. Rxa1 Qb6 22. Rb1 Qa5 23. Rxb7 Qxa2+ 24. Kf3 O-O 25. Kg3 f5 26. Qe5 Qa3+ 27.
Kh2 1-0

[Event "Etoiles montantes 4"]
[Site "Montreal CAN"]
[Date "2023.01.08"]
[Round "3.9"]
[White "Xu, David"]
[Black "Batorshyn, Ilia"]
[Result "0-1"]
[WhiteElo "1057"]
[BlackElo "1992"]
[PlyCount "52"]
[EventDate "2023.01.07"]
[EventType "swiss"]
[EventRounds "5"]
[EventCountry "CAN"]

1. e4 c5 2. Nf3 e6 3. d4 cxd4 4. Nxd4 Nf6 5. Nc3 Nc6 6. Be3 Bb4 7. Bd3 d5 8.
exd5 exd5 9. O-O O-O 10. Nxc6 bxc6 11. h3 Re8 12. Bg5 h6 13. Bh4 Be7 14. Re1 d4
15. Ne4 Nxe4 16. Bxe7 Rxe7 17. Bxe4 Qa5 18. c3 f5 19. Bc2 Rxe1+ 20. Qxe1 d3 21.
Bb3+ Kf8 22. Rd1 Ba6 23. Qd2 Re8 24. Bc2 Re2 25. Qc1 Rxc2 26. Qxc2 dxc2 0-1

[Event "Etoiles montantes 4"]
[Site "Montreal CAN"]
[Date "2023.01.08"]
[Round "3.16"]
[White "Sonko, Babacar"]
[Black "Efpraxiadis, Jean"]
[Result "0-1"]
[WhiteElo "1524"]
[BlackElo "1479"]
[PlyCount "57"]
[EventDate "2023.01.07"]
[EventType "swiss"]
[EventRounds "5"]
[EventCountry "CAN"]

1. e4 c6 2. Nf3 d5 3. exd5 cxd5 4. Ne5 Qd6 5. d4 Nc6 6. Bb5 a6 7. Bxc6+ bxc6 8.
O-O g6 9. c4 Nf6 10. Nc3 Bg7 11. Bf4 Nh5 12. Bg3 Nxg3 13. hxg3 Bxe5 14. dxe5
Qxe5 15. Re1 Qd6 16. cxd5 Bb7 17. Qa4 O-O 18. Rad1 cxd5 19. Nxd5 Bxd5 20. Qh4
e6 21. Qh6 Qc6 22. Rd4 f5 23. Rc1 Qd7 24. a3 Rac8 25. Rcd1 Qb7 26. Qd2 Rc4 27.
Rd3 Rfc8 28. Qa5 Qxb2 29. Qxa6 0-1

[Event "Etoiles montantes 4"]
[Site "Montreal CAN"]
[Date "2023.01.08"]
[Round "4.3"]
[White "Saha, Ananda"]
[Black "Genzling, Jerome"]
[Result "1-0"]
[WhiteElo "2032"]
[BlackElo "2033"]
[PlyCount "81"]
[EventDate "2023.01.07"]
[EventType "swiss"]
[EventRounds "5"]
[EventCountry "CAN"]

1. d4 d5 2. Nf3 e6 3. e3 Nf6 4. Bd3 c5 5. b3 Bd6 6. Bb2 O-O 7. Nbd2 Nbd7 8. Ne5
b6 9. f4 Bb7 10. Qf3 a5 11. Qh3 Ne4 12. Bxe4 dxe4 13. Ndc4 Nxe5 14. dxe5 Bc7
15. Rd1 Qe7 16. Nd6 Bc6 17. Qg3 g6 18. h4 h5 19. Qg5 Qxg5 20. hxg5 a4 21. g4
Kg7 22. gxh5 gxh5 23. Rxh5 Rh8 24. Nf5+ exf5 25. e6+ Kg6 26. Rxh8 Rxh8 27. Bxh8
fxe6 28. c4 b5 29. Kf2 axb3 30. axb3 bxc4 31. bxc4 Ba4 32. Ra1 Bb3 33. Ra7 Bd8
34. Kg3 Kh5 35. Bc3 Bxc4 36. Rh7+ Kg6 37. Rd7 Bb6 38. Kh4 e5 39. Bxe5 Bf7 40.
Rd6+ Kh7 41. Rh6+ 1-0

[Event "Etoiles montantes 4"]
[Site "Montreal CAN"]
[Date "2023.01.08"]
[Round "4.5"]
[White "Batorshyn, Ilia"]
[Black "Mickelson, Jonah"]
[Result "1-0"]
[WhiteElo "1992"]
[BlackElo "1365"]
[PlyCount "35"]
[EventDate "2023.01.07"]
[EventType "swiss"]
[EventRounds "5"]
[EventCountry "CAN"]

1. a3 d5 2. Nf3 Nf6 3. d4 e6 4. e3 Bd7 5. c4 Bd6 6. Nc3 O-O 7. Bd3 dxc4 8. Bxc4
a6 9. e4 Be7 10. e5 Ne8 11. O-O b5 12. Bd3 c5 13. dxc5 Bc6 14. Nd4 Bxc5 15.
Nxe6 Qe7 16. Bxh7+ Kxh7 17. Qh5+ Kg8 18. Ng5 1-0

[Event "Etoiles montantes 4"]
[Site "Montreal CAN"]
[Date "2023.01.08"]
[Round "4.6"]
[White "Yan, Alex Jikai"]
[Black "Yuen, Lok"]
[Result "1-0"]
[WhiteElo "1685"]
[BlackElo "1264"]
[PlyCount "87"]
[EventDate "2023.01.07"]
[EventType "swiss"]
[EventRounds "5"]
[EventCountry "CAN"]

1. e4 e5 2. Nf3 Nc6 3. Bc4 Nf6 4. d3 h6 5. O-O Bc5 6. c3 d6 7. d4 exd4 8. cxd4
Bb6 9. d5 Ne7 10. Nc3 Ng6 11. Nd4 O-O 12. h3 Re8 13. Re1 Nd7 14. Bb5 a6 15. Ba4
Ba7 16. Be3 b5 17. Nc6 Qh4 18. Nxa7 bxa4 19. Qxa4 Nf6 20. Nxc8 Rexc8 21. Qc2
Re8 22. f3 Nh5 23. Qf2 Qe7 24. Ne2 Ne5 25. Rad1 Rab8 26. b3 Nf6 27. Nd4 Qd7 28.
Bf4 Ng6 29. Bh2 Rb6 30. Rc1 Reb8 31. Rc4 R8b7 32. Rec1 Rb4 33. Qd2 Rxc4 34.
Rxc4 Qd8 35. Rc6 Ne5 36. Rxa6 Ned7 37. Nc6 Qe8 38. Ra4 Nb6 39. Rb4 Qa8 40. Bg3
Nfd7 41. Bf2 Qa6 42. a4 Ne5 43. Nxe5 dxe5 44. Rb5 1-0

[Event "Etoiles montantes 4"]
[Site "Montreal CAN"]
[Date "2023.01.08"]
[Round "4.7"]
[White "Hu, Richard"]
[Black "Di Matteo, Alessio"]
[Result "0-1"]
[WhiteElo "1078"]
[BlackElo "1598"]
[PlyCount "112"]
[EventDate "2023.01.07"]
[EventType "swiss"]
[EventRounds "5"]
[EventCountry "CAN"]

1. e4 c5 2. Nf3 e6 3. d4 cxd4 4. Nxd4 a6 5. Nc3 Qc7 6. Be3 b5 7. a3 Nf6 8. Be2
Bb7 9. f3 Be7 10. Qd2 d6 11. O-O Nbd7 12. Rac1 O-O 13. Bg5 Rac8 14. Na2 d5 15.
exd5 Bxd5 16. Nc3 Bb7 17. Rfd1 Rfd8 18. Qe1 Ne5 19. Nb3 Nc4 20. Bxc4 Qxc4 21.
Qf2 Qc7 22. Be3 Rxd1+ 23. Rxd1 Rd8 24. Rxd8+ Qxd8 25. Bc5 Nd5 26. Bxe7 Nxe7 27.
Nc5 Bc8 28. Nd3 Nf5 29. Ne2 Qc7 30. Qc5 Qxc5+ 31. Nxc5 Ne3 32. c3 e5 33. Ng3
Kf8 34. Nd3 f6 35. Kf2 Nc4 36. Ne4 Ke7 37. Ke2 a5 38. Nd2 Nd6 39. g4 Kd7 40.
Nb3 Nc4 41. Nd2 Nd6 42. Nb3 Nb7 43. h4 Kc6 44. Ke3 Be6 45. Nd2 Bf7 46. h5 g6
47. h6 Bd5 48. Ne4 Bxe4 49. Kxe4 Nd6+ 50. Ke3 Nf7 51. f4 exf4+ 52. Kxf4 Nxh6
53. b3 Nf7 54. c4 bxc4 55. bxc4 Nd6 56. c5 Nb7 0-1

[Event "Etoiles montantes 4"]
[Site "Montreal CAN"]
[Date "2023.01.08"]
[Round "4.8"]
[White "Jutras, Arnaud"]
[Black "Duval, Mathieu"]
[Result "0-1"]
[WhiteElo "1357"]
[BlackElo "1250"]
[PlyCount "105"]
[EventDate "2023.01.07"]
[EventType "swiss"]
[EventRounds "5"]
[EventCountry "CAN"]

1. c4 c5 2. Nf3 Nc6 3. Nc3 g6 4. g3 Bg7 5. Bg2 d6 6. O-O Bd7 7. e3 Bg4 8. h3
Bxf3 9. Bxf3 Nf6 10. Qa4 Qc8 11. Kh2 O-O 12. Nd5 Nxd5 13. Bxd5 Nb4 14. Bg2 a6
15. a3 Nd3 16. Qb3 Nxc1 17. Raxc1 Rb8 18. Qb6 Qd8 19. Qxd8 Rfxd8 20. b4 Bb2 21.
Rb1 Bxa3 22. b5 Bb4 23. d3 axb5 24. cxb5 d5 25. Ra1 e6 26. Ra7 Rd6 27. d4 Rb6
28. Rb1 Rxb5 29. dxc5 Bxc5 30. Rxb5 Bxa7 31. e4 Bxf2 32. exd5 exd5 33. Rxd5 b5
34. Rd7 b4 35. Bd5 Rf8 36. Rb7 Be1 37. g4 Kg7 38. Kg2 h6 39. Kf3 g5 40. Ke4 Kg6
41. Kd4 Bc3+ 42. Kc4 f5 43. Rb6+ Rf6 44. Rb7 fxg4 45. hxg4 Rf4+ 46. Kb3 Rxg4
47. Rb6+ Kg7 48. Rb7+ Kf6 49. Rh7 Rh4 50. Bb7 g4 51. Bc6 g3 52. Bb7 Kg6 53. Rh8
0-1

[Event "Etoiles montantes 4"]
[Site "Montreal CAN"]
[Date "2023.01.08"]
[Round "4.9"]
[White "Wu, Hao En Colin"]
[Black "Napior, Cody"]
[Result "0-1"]
[WhiteElo "625"]
[BlackElo "1397"]
[PlyCount "59"]
[EventDate "2023.01.07"]
[EventType "swiss"]
[EventRounds "5"]
[EventCountry "CAN"]

1. e4 e6 2. Nf3 d5 3. e5 c5 4. d3 Nc6 5. c3 Nge7 6. d4 Ng6 7. Be3 Qb6 8. b3 a5
9. Nbd2 Qa7 10. a4 b6 11. Bb5 Bd7 12. O-O Be7 13. Bd3 O-O 14. Re1 f5 15. exf6
Bxf6 16. Nf1 Nce7 17. Ng3 Qc7 18. Be2 Nf5 19. Nxf5 exf5 20. dxc5 Bxc3 21. Qxd5+
Kh8 22. Ng5 Bc6 23. Qe6 Bxe1 24. Bc4 Bc3 25. cxb6 Qd7 26. Rf1 Qxe6 27. Bxe6 Ne5
28. f4 h6 29. Nf3 Nxf3+ 30. Rxf3 0-1

[Event "Etoiles montantes 4"]
[Site "Montreal CAN"]
[Date "2023.01.08"]
[Round "4.10"]
[White "Deboosere, Adam"]
[Black "Sonko, Stephane"]
[Result "1-0"]
[WhiteElo "1709"]
[BlackElo "931"]
[PlyCount "74"]
[EventDate "2023.01.07"]
[EventType "swiss"]
[EventRounds "5"]
[EventCountry "CAN"]

1. d4 d5 2. Nf3 Nf6 3. e3 c5 4. Bd3 Nc6 5. O-O e6 6. b3 Qb6 7. Bb2 Bd6 8. a3
O-O 9. Ra2 Re8 10. Ne5 cxd4 11. exd4 Nxd4 12. Bxd4 Qc7 13. f4 Bc5 14. Bb5 Bd7
15. Bxd7 Nxd7 16. Nxd7 Bxd4+ 17. Qxd4 Qxd7 18. c4 h6 19. Nc3 Rad8 20. Rd2 f6
21. Re1 g5 22. Qxf6 gxf4 23. Qg6+ Qg7 24. Qxg7+ Kxg7 25. cxd5 e5 26. Rde2 Kf6
27. Ne4+ Kf5 28. d6 Rd7 29. g4+ Kg6 30. Rc2 Rf8 31. Rc7 Rff7 32. Rec1 a5 33.
Rxd7 Rxd7 34. Rc7 Rd8 35. Rxb7 h5 36. h3 f3 37. d7 hxg4 1-0

[Event "Etoiles montantes 4"]
[Site "Montreal CAN"]
[Date "2023.01.08"]
[Round "4.11"]
[White "Guillemette, Thomas"]
[Black "Goldner, John"]
[Result "1-0"]
[WhiteElo "1005"]
[BlackElo "1640"]
[PlyCount "203"]
[EventDate "2023.01.07"]
[EventType "swiss"]
[EventRounds "5"]
[EventCountry "CAN"]

1. e4 e5 2. Nf3 Nc6 3. Bc4 Nf6 4. d3 Be7 5. c3 O-O 6. O-O d6 7. h3 a6 8. a4 d5
9. exd5 Nxd5 10. Re1 Bf6 11. a5 b5 12. Ba2 Be6 13. Nbd2 b4 14. Ne4 Kh8 15. Qa4
Nce7 16. cxb4 Rb8 17. Bd2 Bd7 18. Qb3 Nxb4 19. Bxb4 Nc6 20. Bxf8 Rxb3 21. Bxg7+
Bxg7 22. Bxb3 Qe7 23. Nfg5 Be8 24. h4 Nd4 25. Ba4 Bxa4 26. Rxa4 h6 27. Nf3
Nxf3+ 28. gxf3 Qxh4 29. Rc4 Qd8 30. Rd1 f5 31. Ng3 Qg5 32. Kf1 f4 33. Ne4 Qd8
34. Ke2 Qb8 35. Rd2 Qb5 36. Rc5 Qa4 37. Nc3 Qd7 38. Rc2 Bf8 39. Rxe5 Bd6 40.
Re4 Qf5 41. Re8+ Kh7 42. Ne4 Qf7 43. Nxd6 cxd6 44. Rec8 Qe6+ 45. Kd2 Qe5 46. b4
h5 47. R8c6 Qd5 48. Rxa6 Qxf3 49. Rc7+ Kg6 50. Rxd6+ Kg5 51. Rc5+ Kh4 52. Rdd5
Qxf2+ 53. Kc3 Qe1+ 54. Kc4 Qe6 55. Kc3 Qe1+ 56. Kb3 Qe6 57. Ka3 Qg6 58. Rxh5+
Qxh5 59. Rxh5+ Kxh5 60. a6 f3 61. a7 f2 62. a8=Q f1=Q 63. Qh8+ Kg4 64. Qg7+ Kh3
65. Qh6+ Kg2 66. Qg5+ Kh3 67. Qh6+ Kg2 68. Qg7+ Kh1 69. Qc3 Qf8 70. d4 Qa8+ 71.
Kb3 Qd5+ 72. Ka4 Qa8+ 73. Kb5 Qb7+ 74. Kc4 Qc6+ 75. Kb3 Qd5+ 76. Qc4 Qf3+ 77.
Ka4 Qa8+ 78. Kb5 Qb7+ 79. Ka5 Qa7+ 80. Qa6 Qxd4 81. Qh6+ Kg2 82. Qg5+ Kf3 83.
Qf5+ Ke2 84. Qc2+ Kf3 85. Qc5 Qd8+ 86. Ka6 Qa8+ 87. Qa7 Qc6+ 88. Ka5 Qc3 89.
Qf7+ Ke4 90. Qe8+ Kf4 91. Qh5 Ke4 92. Qh4+ Kd5 93. Qh5+ Kc6 94. Qb5+ Kd6 95.
Qb6+ Kd5 96. Ka6 Qa3+ 97. Qa5+ Qxa5+ 98. Kxa5 Kc6 99. Ka6 Kc7 100. b5 Kb8 101.
Kb6 Ka8 102. Kc7 1-0

[Event "Etoiles montantes 4"]
[Site "Montreal CAN"]
[Date "2023.01.08"]
[Round "4.12"]
[White "Efpraxiadis, Jean"]
[Black "Geillon, Christiane Nathalie"]
[Result "1-0"]
[WhiteElo "1479"]
[BlackElo "799"]
[PlyCount "59"]
[EventDate "2023.01.07"]
[EventType "swiss"]
[EventRounds "5"]
[EventCountry "CAN"]

1. d4 d5 2. Bf4 Bf5 3. Nf3 e6 4. e3 Bb4+ 5. c3 Bf8 6. Bd3 Bg4 7. h3 Bh5 8. Nbd2
Nf6 9. e4 Be7 10. e5 Nfd7 11. O-O O-O 12. Qb3 Nc6 13. Qxb7 Rb8 14. Qxc6 Qe8 15.
Bb5 f5 16. Qxe6+ Rf7 17. Bxd7 Qf8 18. Ng5 Bxg5 19. Bxg5 Rxb2 20. Qe8 Qxe8 21.
Bxe8 Be2 22. Bxf7+ Kxf7 23. Rfe1 Bd3 24. e6+ Kg8 25. e7 Bb5 26. e8=Q+ Bxe8 27.
Rxe8+ Kf7 28. Rae1 Rxd2 29. Bxd2 a5 30. R1e6 1-0

[Event "Etoiles montantes 4"]
[Site "Montreal CAN"]
[Date "2023.01.08"]
[Round "5.3"]
[White "Di Matteo, Alessio"]
[Black "Saha, Ananda"]
[Result "0-1"]
[WhiteElo "1598"]
[BlackElo "2032"]
[PlyCount "46"]
[EventDate "2023.01.07"]
[EventType "swiss"]
[EventRounds "5"]
[EventCountry "CAN"]

1. d4 e6 2. c4 Bb4+ 3. Nd2 c5 4. e3 Nf6 5. Ngf3 Nc6 6. a3 Bxd2+ 7. Qxd2 cxd4 8.
exd4 d5 9. b4 O-O 10. Bb2 Ne4 11. Qc2 Bd7 12. Be2 Ne7 13. O-O Ng6 14. Nd2 Ba4
15. Qxa4 Nxd2 16. Rfc1 Nf4 17. Bf1 dxc4 18. Rxc4 Nxf1 19. Kxf1 Qd5 20. Qc2
Qxg2+ 21. Ke1 Qg1+ 22. Kd2 Qxf2+ 23. Kc1 Qg1+ 0-1

[Event "Etoiles montantes 4"]
[Site "Montreal CAN"]
[Date "2023.01.08"]
[Round "5.4"]
[White "Napior, Cody"]
[Black "Batorshyn, Ilia"]
[Result "0-1"]
[WhiteElo "1397"]
[BlackElo "1992"]
[PlyCount "72"]
[EventDate "2023.01.07"]
[EventType "swiss"]
[EventRounds "5"]
[EventCountry "CAN"]

1. d4 Nf6 2. Bf4 d5 3. e3 c5 4. c3 Nc6 5. Nf3 cxd4 6. exd4 Bg4 7. h3 Bxf3 8.
Qxf3 e6 9. Bd3 Bd6 10. Nd2 Bxf4 11. Qxf4 O-O 12. Nf3 Qb8 13. Ne5 Nxe5 14. dxe5
Nd7 15. O-O-O Nxe5 16. Qh4 Nxd3+ 17. Rxd3 Qe5 18. f4 Qe4 19. Rg3 Kh8 20. Rg5 f6
21. Rh5 h6 22. Re1 Qxg2 23. Re3 Qg6 24. Rxe6 Rad8 25. f5 Qf7 26. Re1 Kh7 27.
Rg1 Rh8 28. Rg6 Kg8 29. Rhxh6 Rxh6 30. Qxh6 d4 31. Qd2 Qxa2 32. h4 Qa1+ 33. Kc2
d3+ 34. Kb3 b5 35. Kb4 Qa4+ 36. Kc5 Qc4# 0-1

[Event "Etoiles montantes 4"]
[Site "Montreal CAN"]
[Date "2023.01.08"]
[Round "5.5"]
[White "Duval, Mathieu"]
[Black "Yan, Alex Jikai"]
[Result "1/2-1/2"]
[WhiteElo "1250"]
[BlackElo "1685"]
[PlyCount "50"]
[EventDate "2023.01.07"]
[EventType "swiss"]
[EventRounds "5"]
[EventCountry "CAN"]

1. d4 d5 2. c4 e6 3. Nc3 Nf6 4. Bg5 Be7 5. e3 O-O 6. Nf3 a6 7. cxd5 Nxd5 8.
Bxe7 Qxe7 9. Bd3 Nd7 10. O-O f5 11. Rc1 Nxc3 12. Rxc3 c5 13. dxc5 Nxc5 14. Bc4
b5 15. Bb3 Bb7 16. Rxc5 Qxc5 17. Bxe6+ Kh8 18. Ng5 Qc6 19. e4 Rf6 20. Qh5 h6
21. Bd5 Qd7 22. Nf7+ Kh7 23. Ng5+ Kh8 24. Nf7+ Kh7 25. Ng5+ Kh8 1/2-1/2

[Event "Etoiles montantes 4"]
[Site "Montreal CAN"]
[Date "2023.01.08"]
[Round "5.7"]
[White "Genzling, Jerome"]
[Black "Efpraxiadis, Jean"]
[Result "1-0"]
[WhiteElo "2033"]
[BlackElo "1479"]
[PlyCount "87"]
[EventDate "2023.01.07"]
[EventType "swiss"]
[EventRounds "5"]
[EventCountry "CAN"]

1. e4 c6 2. Nc3 d5 3. Nf3 Nf6 4. e5 Ne4 5. Ne2 Qa5 6. c3 h6 7. d3 Ng5 8. Nxg5
hxg5 9. Bxg5 d4 10. Bf4 c5 11. Qd2 Nc6 12. cxd4 Qxd2+ 13. Bxd2 cxd4 14. f4 f6
15. exf6 exf6 16. a3 Bg4 17. Ng3 Kf7 18. h3 Re8+ 19. Kf2 Be6 20. Be2 Bd5 21.
Rhe1 Bd6 22. b4 b5 23. Rac1 Rc8 24. Bg4 Rce8 25. Rxe8 Rxe8 26. Bd7 Ne7 27.
Bxe8+ Kxe8 28. Ne4 Bxe4 29. dxe4 Kd7 30. Ke2 Nc6 31. Kd3 a6 32. h4 Be7 33. h5
Bd6 34. g4 Be7 35. Rxc6 Kxc6 36. Kxd4 Kd6 37. g5 fxg5 38. fxg5 Bf8 39. h6 gxh6
40. gxh6 Ke6 41. Bg5 Kd6 42. e5+ Ke6 43. h7 Bg7 44. Bf6 1-0

[Event "Etoiles montantes 4"]
[Site "Montreal CAN"]
[Date "2023.01.08"]
[Round "5.9"]
[White "Yuen, Lok"]
[Black "Bassel, Charaf"]
[Result "0-1"]
[WhiteElo "1264"]
[BlackElo "2006"]
[PlyCount "72"]
[EventDate "2023.01.07"]
[EventType "swiss"]
[EventRounds "5"]
[EventCountry "CAN"]

1. e4 Nc6 2. Nf3 e5 3. Bb5 Nf6 4. O-O Nxe4 5. Re1 Nd6 6. Bxc6 dxc6 7. Nxe5 Be7
8. h3 O-O 9. d4 Nf5 10. c3 Be6 11. Nd2 c5 12. Ndf3 cxd4 13. cxd4 Qd5 14. Be3
Rfd8 15. Nd3 Nxe3 16. fxe3 Qb5 17. b3 Ba3 18. e4 f6 19. Kh1 Bf7 20. Rb1 a5 21.
Qc2 Rd6 22. Rbd1 Rc6 23. Qf2 a4 24. d5 Rb6 25. Nd4 Qd7 26. Nc2 Bd6 27. Rb1 axb3
28. axb3 Ra2 29. Re2 Bh5 30. Rd2 Bg6 31. Qe2 Qe8 32. Re1 Rxb3 33. Nc1 Qe5 34.
g3 Rxg3 35. Rd3 Rxc2 36. Qxc2 Bxe4+ 0-1

[Event "Etoiles montantes 4"]
[Site "Montreal CAN"]
[Date "2023.01.08"]
[Round "5.10"]
[White "Joanis, Marc-Andre"]
[Black "Efpraxiadis, Paul"]
[Result "1-0"]
[WhiteElo "1682"]
[BlackElo "1194"]
[PlyCount "64"]
[EventDate "2023.01.07"]
[EventType "swiss"]
[EventRounds "5"]
[EventCountry "CAN"]

1. d4 c6 2. c4 d5 3. cxd5 cxd5 4. Nf3 Nf6 5. Nc3 Nc6 6. Bf4 Bf5 7. e3 e6 8. Qb3
Qb6 9. Bb5 Be7 10. Ne5 Rc8 11. O-O O-O 12. Bxc6 Rxc6 13. Nxc6 Qxc6 14. Rac1 Ra8
15. h3 b6 16. Nb5 Qd7 17. Rc7 Qe8 18. f3 a6 19. Na3 Bd8 20. Rcc1 Qe7 21. Nc2
Nh5 22. g4 Nxf4 23. exf4 Bg6 24. Nb4 Qh4 25. Kg2 Qf6 26. Qe3 h5 27. Nc6 Bc7 28.
Ne5 Bd6 29. Rc6 Bxe5 30. fxe5 Qd8 31. Rfc1 b5 32. Qc3 Qa5 1-0

[Event "Etoiles montantes 4"]
[Site "Montreal CAN"]
[Date "2023.01.08"]
[Round "5.11"]
[White "Hu, Raymond"]
[Black "Hu, Richard"]
[Result "1-0"]
[WhiteElo "1374"]
[BlackElo "1078"]
[PlyCount "75"]
[EventDate "2023.01.07"]
[EventType "swiss"]
[EventRounds "5"]
[EventCountry "CAN"]

1. e4 e5 2. Nf3 Nc6 3. Bb5 Nf6 4. O-O d6 5. Re1 Bg4 6. c3 a6 7. Ba4 b5 8. Bb3
Be7 9. d4 O-O 10. d5 Na5 11. Bc2 Rc8 12. b4 Nc4 13. Nbd2 Bxf3 14. Qxf3 Nb6 15.
a4 c6 16. axb5 axb5 17. dxc6 Rxc6 18. Bb2 Nc4 19. Nxc4 bxc4 20. Ra7 Rc7 21.
Rea1 Qd7 22. Qe3 Rfc8 23. Ba4 Qd8 24. Bb5 Rxa7 25. Rxa7 Ra8 26. h3 Qb8 27. Rxe7
Qxb5 28. Ra7 Qb8 29. Rxa8 Qxa8 30. f3 Qa2 31. Qd2 Nh5 32. Qxd6 g6 33. Qd2 Qb1+
34. Qc1 Qd3 35. Qf1 Qxf1+ 36. Kxf1 Nf4 37. b5 Nd3 38. Ba3 1-0

[Event "Etoiles montantes 4"]
[Site "Montreal CAN"]
[Date "2023.01.08"]
[Round "5.12"]
[White "Sonko, Stephane"]
[Black "Jutras, Arnaud"]
[Result "0-1"]
[WhiteElo "931"]
[BlackElo "1357"]
[PlyCount "50"]
[EventDate "2023.01.07"]
[EventType "swiss"]
[EventRounds "5"]
[EventCountry "CAN"]

1. e4 c6 2. c4 d5 3. cxd5 cxd5 4. exd5 Nf6 5. Nc3 Nxd5 6. Nf3 Nc6 7. d4 Bg4 8.
Bc4 Nxc3 9. bxc3 e6 10. O-O Be7 11. h3 Bh5 12. Bd3 O-O 13. Bxh7+ Kxh7 14. Ng5+
Bxg5 15. Qxh5+ Bh6 16. g4 g5 17. Bxg5 Qxg5 18. Qxg5 Bxg5 19. f4 Be7 20. Rae1
Rae8 21. f5 exf5 22. gxf5 Rg8+ 23. Kh1 Bh4 24. Rd1 Re3 25. c4 Rxh3# 0-1